NEZES za vyhlásenie zvrchovanosti a prijatie Ústavy SR

Bibliographic Details
Format: Article
Language:Slovak
Subjects:

MARC

LEADER 00000nab a2200000 a 4500
001 vtls000450673
003 SK-MaSNL
005 20260311225032.0
008 160115c1992 xo 0 slo
015 |a SNBRB19rr/mm-uuuuu 
035 |a CL0450804 
040 |a SNKBUCL  |b slo  |c SNKBUCL  |e AACR2 
041 0 |a slo 
044 |a xo  |c SK 
080 |a 342.2/.3(437.6)  |2 1981 
245 0 0 |a NEZES za vyhlásenie zvrchovanosti a prijatie Ústavy SR 
610 2 7 |a Nezávislé združenie ekonómov Slovenska  |2 snkbucl  |9 31292 
650 0 7 |a zvrchovanosť Slovenska  |2 snkbucl  |9 970892 
651 7 |a Československo  |2 snkbucl  |9 21376 
655 7 |a články z novín a časopisov  |2 snkbucl  |9 267496 
773 0 |t Slovenský národ  |g Roč. 3, č. 13 (1992), s. 8 
850 |a Slovenská národná knižnica v Martine  |a MTA001 
852 |a SNK  |b KIS3GCP 
958 |a RK 
992 |a RBX 
999 |c 3264329  |d 3266259